| 000 | 01166nam a2200277 a 4500 | ||
|---|---|---|---|
| 001 | 78806 | ||
| 003 | BD-RjUL | ||
| 005 | 20211209083157.0 | ||
| 008 | 211116s20171995bg ||||| |||| 00| 0 ben d | ||
| 020 |
_a9789840420087 _c: Tk. 250.00 |
||
| 035 | _a(BD-RjUL)79033 | ||
| 040 |
_aBD-RjUL _beng _cBD-RjUL |
||
| 041 | _aben | ||
| 082 |
_223 _a954.9205092 _bMRI 2017 |
||
| 245 | 0 | 0 |
_aমৃত্যুঞ্জয়ী মুজিব / _cসম্পাদনায় এস. এ. মালেক ... [et al] |
| 260 |
_aঢাকা : _bবঙ্গবন্ধু পরিষদ, _c১৯৯৫ [মুদ্রণ ২০১৭] |
||
| 300 |
_a১৪৩ পৃ.; _c২২ সেমি. |
||
| 600 |
_aমুজিবুর রহমান , _cশেখ, _d১৯২০-১৯৭৫ _9250114 |
||
| 600 |
_aMujibur Rahman, _cSheikh, _d1920-1975 _9250115 |
||
| 700 |
_a মালেক, এস. এ _9250116 |
||
| 700 |
_aআহমদ, সৈয়দ _9250117 |
||
| 700 |
_aসাইয়িদ, আবু _9250118 |
||
| 700 |
_aহারুন-অর-রশিদ _9250119 |
||
| 700 |
_aসরকার, মোনায়েম _9250120 |
||
| 942 |
_2ddc _cBK |
||
| 999 |
_c78806 _d78806 |
||